Modern business principles for secondary schools / (Record no. 15263)
[ view plain ]
| 000 -LEADER | |
|---|---|
| fixed length control field | 00690cam a2200241 a 4500 |
| 001 - CONTROL NUMBER | |
| control field | 15263 |
| 003 - CONTROL NUMBER IDENTIFIER | |
| rucl marc code | BD-RjUL |
| 005 - DATE AND TIME OF LATEST TRANSACTION | |
| control field | 20211208235800.0 |
| 008 - FIXED-LENGTH DATA ELEMENTS--GENERAL INFORMATION | |
| fixed length control field | 140209s1964 xnaa 000 0 eng d |
| 035 ## - SYSTEM CONTROL NUMBER | |
| System control number | (BD-RjUL)15317 |
| System control number | 823179 |
| 040 ## - CATALOGING SOURCE | |
| Original cataloging agency | XNTU |
| Language of cataloging | eng |
| Transcribing agency | XNTU |
| Modifying agency | ABN:SN |
| 041 ## - LANGUAGE CODE | |
| Language code of text/sound track or separate title | eng |
| 082 04 - DEWEY DECIMAL CLASSIFICATION NUMBER | |
| Classification number | 650 |
| Author mark and year | HAM 1964 |
| 100 1# - MAIN ENTRY--PERSONAL NAME | |
| Personal name | Harborne, Thomas. |
| 9 (RLIN) | 47451 |
| 245 10 - TITLE STATEMENT | |
| Title | Modern business principles for secondary schools / |
| Statement of responsibility, etc. | by T. Harborne. |
| Number of part/section of a work | Part 1 |
| 260 ## - PUBLICATION, DISTRIBUTION, ETC. (IMPRINT) | |
| Place of publication, distribution, etc. | Sydney : |
| Name of publisher, distributor, etc. | Shakespeare Head Press, |
| Date of publication, distribution, etc. | 1964. |
| 300 ## - PHYSICAL DESCRIPTION | |
| Pagination | 147p. : |
| Illustrations | ill. ; |
| Size | 22 cm. |
| 504 ## - BIBLIOGRAPHY, ETC. NOTE | |
| Bibliography, etc | Includes indexes. |
| 650 #0 - SUBJECT ADDED ENTRY--TOPICAL TERM | |
| Topical term or geographic name as entry element | Business education. |
| 9 (RLIN) | 47452 |
| Topical term or geographic name as entry element | Office practice. |
| 9 (RLIN) | 47453 |
| 942 ## - ADDED ENTRY ELEMENTS (KOHA) | |
| Source of classification or shelving scheme | Dewey Decimal Classification |
| Koha item type | Books |
| Lost status | Source of classification or shelving scheme | Damaged status | Not for loan | Collection code | Permanent Location | Current Location | Shelving location | Date acquired | Source of acquisition | Total Checkouts | Full call number | Date last seen | Copy number | Koha item type |
|---|---|---|---|---|---|---|---|---|---|---|---|---|---|---|
| Dewey Decimal Classification | Not For Loan | Non-fiction | Central Library, University of Rajshahi | Central Library, University of Rajshahi | Reading Room | 13/08/1976 | Gift | 650 HAM 1964 | 09/02/2014 | C-1 | Books |